Original X-Men Quiz Stats

 Plays Quiz Updated Mar 23, 2015

Score 0/5 Timer 01:30
2 Plays Today
Code Name % Correct
Cyclops
93.8%
Beast
86.5%
Marvel Girl
86.1%
Iceman
63.3%
Angel
55.9%

You're not logged in!

Compare scores with friends on all Sporcle quizzes.
OR
Log In

You Might Also Like...

Show Comments

Extras

Top Quizzes Today


Score Distribution

Your Account Isn't Verified!

In order to create a playlist on Sporcle, you need to verify the email address you used during registration. Go to your Sporcle Settings to finish the process.

Report this User

Report this user for behavior that violates our Community Guidelines.

Details: